Africa`s Development Dynamics 2018 Growth, Jobs and Inequalities

Saved in:
Bibliographic Details
Format: Book
Language:English
Published: Paris OECD 2018
Subjects:
Tags: Add Tag
No Tags, Be the first to tag this record!

MARC

LEADER 00000nam a2200000 4500
001 0253691
005 20221220065448.0
020 |a 978-92-64-30249-5 
041 0 |a eng 
044 |a FR 
245 1 0 |a Africa`s Development Dynamics 2018  |b Growth, Jobs and Inequalities 
264 1 |a Paris  |b OECD  |c 2018 
300 |a 254 s. 
610 2 0 |a rozvoj hospodársky 
610 2 0 |a dynamika ekonomiky 
610 2 0 |a rast hospodársky 
610 2 0 |a zamestnanosť 
610 2 0 |a nerovnováha hospodárska 
610 2 0 |a megatrendy 
610 2 0 |a integrácia ekonomická 
610 2 0 |a politika hospodárska 
610 2 0 |a porovnanie štatistické medzinárodné 
610 2 0 |a Afrika